[Event "BAN-chT Golden Jubilee 2021-22"]
[Site "Dhaka"]
[Date "2022.03.17"]
[Round "8.2"]
[White "Srijit Paul"]
[Black "Idani, Pouya"]
[Result "0-1"]
[WhiteElo "2419"]
[BlackElo "2621"]
[Annotator "TA"]
[PlyCount "82"]
[EventDate "2022.03.10"]
[EventType "team-tourn"]
[EventCountry "BAN"]
[SourceTitle "playchess.com"]
[Source "ChessBase"]
[SourceQuality "1"]

{[%evp 14,82,33,18,41,5,4,0,2,0,15,-10,0,0,0,-52,-42,-56,-49,-43,-46,-52,-29,-142,-135,-136,-141,-127,-135,-188,-196,-199,-193,-216,-136,-153,-154,-232,-146,-132,-138,-212,-210,-216,-216,-212,-216,-208,-213,-234,-243,-236,-242,-262,-224,-270,-273,-260,-241,-325,-329,-392,-392,-386,-385,-375,-372,-458,-457,-438,-433]} 1. e4 c5 2. Nf3 d6 3. d4 cxd4 4. Nxd4 Nf6 5. Nc3 a6 6. h3 e6 7. g4 Be7 8. Bg2 Nfd7 {B81: Sicilian Scheveningen: Keres Attack.} 9. O-O g5 $5 {[%mdl 4] Leaves trodden paths.} 10. Be3 Ne5 {The position is equal.} 11. Qe2 Nbc6 {[#]} 12. Rad1 $146 ({Predecessor:} 12. f4 gxf4 13. Rxf4 h5 14. gxh5 Bg5 15. Nxc6 bxc6 16. Rf2 Rxh5 17. Rd1 Bxe3 18. Qxe3 {1-0 (52) Abdumalik,Z (2379)-Steingrimsson,H (2530) Reykjavik 2015}) 12... Nxd4 13. Bxd4 Bd7 14. f4 ({White should try} 14. Qe3 $11) 14... gxf4 $15 15. Rxf4 Bg5 16. Rff1 Qe7 17. a4 Rc8 18. Be3 {[#]} (18. Bf2 $11 {keeps the balance.}) 18... h5 $1 $17 19. gxh5 Bxe3+ 20. Qxe3 Rxh5 21. Qb6 (21. Qd4 $17) 21... Nc4 $19 (21... Qg5 22. Qxd6 Bc6 23. Qd2 $15 (23. Kh1 $2 Nc4 $17)) 22. Qd4 {[#]} Qg5 $1 ({Stronger than} 22... Nxb2 23. Rb1 Rc4 24. Qg7) 23. Rd3 Qc5 ({And not} 23... Nxb2 24. Rdf3 Rh7 25. Qxd6) 24. Qxc5 Rhxc5 25. Rg3 (25. Rb1 $17) 25... Ke7 26. Nd1 Ne5 {Black is more active.} ({Don't do} 26... Bxa4 27. b3 $16) 27. Ne3 (27. Nc3 $17) 27... Bxa4 28. c3 Bb5 29. Rf2 Nd3 30. Rd2 {[%cal Oc3c4]} Nf4 {aiming for ...Ne2+.} 31. Bf3 {To avoid Ne2+} Rh8 32. Kh2 Bc6 33. Rd4 Ng6 34. Rg1 a5 {[%cal Ba6a5,Ba5a4][%mdl 32]} 35. Rg3 a4 {[%cal Oa4a3]} 36. c4 Rh4 37. Rg1 Ne5 38. Bh1 b5 39. cxb5 Rxb5 40. Nc4 Nxc4 41. Rxc4 Rxb2+ {Weighted Error Value: White=0.30/Black=0.09 (flawless)} 0-1

[Event "BAN-chT Golden Jubilee 2021-22"]
[Site "Dhaka"]
[Date "2022.03.17"]
[Round "8.3"]
[White "Mchedlishvili, Mikheil"]
[Black "Parveen, Tanima"]
[Result "1-0"]
[WhiteElo "2587"]
[BlackElo "1971"]
[Annotator "TA"]
[PlyCount "65"]
[EventDate "2022.03.10"]
[EventType "team-tourn"]
[EventCountry "BAN"]
[SourceTitle "playchess.com"]
[Source "ChessBase"]
[SourceQuality "1"]

{[%evp 12,65,18,22,27,14,23,7,84,72,90,97,71,86,95,92,127,143,145,145,148,125,172,169,168,164,172,162,144,152,138,124,172,185,174,175,194,188,245,239,258,221,241,221,545,588,550,557,588,571,572,562,730,735,1088,836]} 1. e4 e5 2. Nf3 Nc6 3. d4 exd4 4. Nxd4 Bc5 5. Nb3 Bb6 6. Qe2 d6 7. Nc3 Nge7 {7...a5 is the fancy move. C45: Scotch Game.} 8. Be3 O-O 9. O-O-O Ne5 (9... f5 $11) 10. h3 Be6 11. f4 Nc4 {[#]} 12. Bf2 $146 ({Predecessor:} 12. Bd4 f6 13. f5 Bf7 14. g4 Nc6 15. Nd5 N4a5 16. Bc3 Nxb3+ 17. cxb3 Ne5 18. g5 {0-1 (58) Trajber,D (2068)-Torok,T (2132) Hungary 2016}) 12... f6 13. g4 a5 {[#]} 14. Nd4 $1 Bxd4 15. Rxd4 Nb6 16. Qf3 Nc6 (16... a4 $16) 17. Rd1 Nd7 18. h4 Qe8 19. Nd5 Rc8 20. a3 {White is much more active.} Nc5 21. Bb5 Qf7 (21... Bxd5 $16 {might work better.} 22. exd5 Nd4) 22. Bxc5 $18 dxc5 23. Bxc6 bxc6 {[#]} 24. Nc3 Rb8 (24... Qe8 $142 25. g5 Bf7) 25. f5 Bc4 26. g5 Qe7 27. Rhg1 Rb7 $2 (27... Kh8 28. Qf4 Ba6) 28. gxf6 {White is clearly winning.} Qxf6 29. Qf4 Be6 30. Rg5 Kh8 31. Rdg1 Rf7 32. e5 Qd8 33. Qg4 {Black got outplayed after the opening.  Weighted Error Value: White=0.05 (flawless) /Black=0.35} 1-0

[Event "BAN-chT Golden Jubilee 2021-22"]
[Site "Dhaka"]
[Date "2022.03.17"]
[Round "8.4"]
[White "Aronyak Ghosh"]
[Black "Reefat, Bin-Sattar"]
[Result "1-0"]
[WhiteElo "2482"]
[BlackElo "2371"]
[Annotator "TA"]
[PlyCount "77"]
[EventDate "2022.03.10"]
[EventType "team-tourn"]
[EventCountry "BAN"]
[SourceTitle "playchess.com"]
[Source "ChessBase"]
[SourceQuality "1"]

{[%evp 10,77,12,9,10,12,22,14,34,35,24,30,44,41,39,33,60,29,46,45,54,58,56,63,62,62,62,65,62,70,66,70,77,77,62,29,46,36,57,36,34,39,93,88,149,133,154,153,168,145,153,95,144,133,189,135,267,166,193,196,251,245,251,241,278,160,531,511,1366,524]} 1. c4 e5 2. g3 Nc6 3. Bg2 g6 4. Nc3 Bg7 5. e3 d6 6. d3 Nge7 {A25: English Opening vs King's Indian with ...Nc6 but without early d3.} 7. Rb1 a5 8. a3 {[%cal Ba2a3,Ba3b4][%mdl 32]} h5 {The position is equal.} 9. h4 {[#]} Be6 $146 ({Predecessor:} 9... Bg4 10. Nge2 Qd7 11. b4 axb4 12. axb4 f6 13. b5 Nd8 14. e4 Nf7 15. Be3 g5 {0-1 (61) Snape,I (2245)-Taylor,M (2332) West Bromwich 2004}) 10. Nf3 f6 11. b4 axb4 12. axb4 Qc8 13. Ne4 O-O 14. b5 Nd8 15. b6 Nf7 16. bxc7 Qxc7 17. O-O Rfd8 (17... d5 18. cxd5 Bxd5 19. Bd2 $11) 18. Bd2 d5 19. cxd5 Bxd5 20. Qe2 Ra2 21. Rfc1 Rc2 22. Qe1 Rxc1 23. Rxc1 Qb8 24. Bb4 {[%cal Bd2b4,Bb4c5,Bc5b6][%mdl 32]} Nc6 25. Bc5 Qa8 (25... f5 $14 26. Neg5 Nxg5 27. Nxg5 Bxg2 28. Kxg2 Rd7) 26. Bb6 $16 Rf8 (26... Bxe4 $142 27. dxe4 Rd6) 27. Nc3 Bxf3 28. Bxf3 f5 29. Nd5 Kh7 30. Nc7 {White is more active.} (30. Bc5 $142) 30... Qa4 (30... Qc8 $142) 31. Ne6 Re8 (31... Rc8 $16) 32. Bd5 $18 {[#] Strongly threatening Nc5.} Nh6 (32... Qb4 $16) 33. Nc5 Qg4 34. Bg2 {A strong pair of Bishops.} (34. Nxb7 $6 Nb4 35. Rc4 (35. f3 Qh3 $11) 35... Nxd3 36. Rxg4 Nxe1 $14) 34... f4 (34... e4 $142 35. dxe4 (35. Nxb7 Ne5 $16) 35... fxe4 36. Nxe4 (36. Nxb7 Ne5 $16) 36... Nf7) 35. Nxb7 (35. exf4 Nd4 $18) 35... f3 36. Qd1 (36. Rxc6 fxg2 37. Kxg2 Nf5 $11) 36... e4 {[%cal Oh6f5]} 37. Nd6 ({Only move:} 37. Rxc6 $18 fxg2 38. Qxg4 Nxg4 39. d4 (39. Kxg2 Rf8 $11)) 37... Ra8 $2 (37... Qd7 $16 {is a better chance.} 38. Nxe8 fxg2 39. Kxg2 (39. Nxg7 $2 Qh3 $19) 39... Qxe8 40. dxe4 (40. Qa4 exd3 41. Ba5 Qa8 $14) 40... Qxe4+ 41. Qf3 Qxf3+ 42. Kxf3 Ne5+ 43. Kg2 Nd7) 38. Nxe4 {[%cal Og2h3] aiming for Bh3!} ({Weaker is} 38. Rxc6 Ra1 39. Qxa1 (39. Rc1 $2 fxg2 40. Kxg2 Qxd1 $19) 39... Bxa1 40. Rc7+ Kg8 41. Rc8+ Kh7 $11) 38... Ne5 {[#]} (38... fxg2 $142 39. Ng5+ (39. Kxg2 Ne5 $11) 39... Kh8 40. Qxg4 Nxg4 41. Rxc6 Ne5) 39. Ng5+ {Weighted Error Value: White=0.13 (very precise) /Black=0.38} (39. Bh3 $142 $1 {[%mdl 512]}) 1-0

[Event "BAN-chT Golden Jubilee 2021-22"]
[Site "Dhaka"]
[Date "2022.03.17"]
[Round "8.5"]
[White "Islam, Khandaker Aminul"]
[Black "Rahman, Syed Mahfuzur"]
[Result "1-0"]
[WhiteElo "2153"]
[BlackElo "2099"]
[Annotator "NA"]
[PlyCount "72"]
[EventDate "2022.03.10"]
[EventType "team-tourn"]
[EventCountry "BAN"]
[SourceTitle "playchess.com"]
[Source "ChessBase"]
[SourceQuality "1"]
[TimeControl "40/5400+30:1800+30"]

1. d4 {[%emt 0:00:05]} d5 {[%emt 0:03:06]} 2. Nf3 {[%emt 0:00:03]} Nf6 {[%emt 0:01:33]} 3. Bf4 {[%emt 0:00:08]} c5 {[%emt 0:14:03]} 4. e3 {[%emt 0:00:08]} Nc6 {[%emt 0:00:04]} 5. Nbd2 {[%emt 0:00:09]} Bf5 {[%emt 0:00:54]} 6. dxc5 {[%emt 0:00:12]} Qa5 {[%emt 0:29:28]} 7. Nd4 {[%emt 0:01:03]} Nxd4 {[%emt 0:09:17]} 8. exd4 {[%emt 0:00:08]} Qb4 {[%emt 0:00:04]} 9. Be3 {[%emt 0:12:27]} e5 {[%emt 0:01:54]} 10. a3 {[%emt 0:30:48]} Qxb2 {[%emt 0:03:13]} 11. Rb1 {[%emt 0:02:58]} Qxc2 {[%emt 0:11:58]} 12. Qxc2 {[%emt 0:02:03]} Bxc2 {[%emt 0:00:02]} 13. Rxb7 {[%emt 0:00:18]} Ba4 {[%emt 0:00:28]} 14. Rb4 {[%emt 0:04:59]} Bc6 {[%emt 0:10:25]} 15. Ba6 {[%emt 0:06:37]} exd4 {[%emt 0:04:42]} 16. Bxd4 {[%emt 0:00:04]} Be7 {[%emt 0:03:48]} 17. Nb3 {[%emt 0:00:55]} O-O {[%emt 0:01:02]} 18. O-O {[%emt 0:05:13]} Rfd8 {[%emt 0:02:30]} 19. Na5 {[%emt 0:02:48]} Bd7 {[%emt 0:00:53]} 20. Bb7 {[%emt 0:02:03]} Rab8 {[%emt 0:00:04]} 21. c6 {[%emt 0:01:57]} Bxb4 {[%emt 0:00:52]} 22. axb4 {[%emt 0:00:14]} Bxc6 {[%emt 0:00:38]} 23. Nxc6 {[%emt 0:01:12]} Rxb7 {[%emt 0:00:06]} 24. Nxd8 {[%emt 0:00:17]} Rxb4 {[%emt 0:00:44]} 25. Nc6 {[%emt 0:01:11]} Rc4 {[%emt 0:00:21]} 26. Ne7+ {[%emt 0:00:47]} Kf8 {[%emt 0:00:34]} 27. Bxf6 {[%emt 0:00:14]} gxf6 {[%emt 0:00:08]} 28. Nxd5 {[%emt 0:00:02]} Rd4 {[%emt 0:00:38]} 29. Ne3 $18 {[%emt 0:00:13]} ({But not} 29. Nxf6 Kg7 30. Nh5+ Kg6 $18) 29... a5 {[%emt 0:00:52]} 30. Rb1 {[%emt 0:01:22]} Ke8 {[%emt 0:00:08]} 31. Kf1 {[%emt 0:00:33]} Kd7 {[%emt 0:00:08]} 32. Rb6 {[%emt 0:00:03]} f5 {[%emt 0:01:22]} 33. Nxf5 {[%emt 0:01:09]} Rf4 {[%emt 0:00:30]} 34. Ne3 {[%emt 0:00:21]} a4 {[%emt 0:00:18]} 35. Ra6 {[%emt 0:00:10]} Kc8 {[%emt 0:00:05]} 36. Nd5 {[%emt 0:01:06]} Rd4 {[%emt 0:01:38]} 1-0

[Event "BAN-chT Golden Jubilee 2021-22"]
[Site "Dhaka"]
[Date "2022.03.17"]
[Round "8.8"]
[White "Mihir Lal, Das"]
[Black "Subrota, Biswas"]
[Result "0-1"]
[WhiteElo "2006"]
[BlackElo "2202"]
[Annotator "ChessBase"]
[PlyCount "102"]
[EventDate "2022.03.10"]
[EventType "team-tourn"]
[EventCountry "BAN"]
[SourceTitle "playchess.com"]
[Source "ChessBase"]
[SourceQuality "1"]
[TimeControl "40/5400+30:1800+30"]

1. Nf3 {[%emt 0:04:44]} Nf6 {[%emt 0:00:31]} 2. g3 {[%emt 0:00:06]} d5 {[%emt 0:00:44]} 3. Bg2 {[%emt 0:00:16]} c6 {[%emt 0:00:52]} 4. O-O {[%emt 0:00:56]} Bf5 {[%emt 0:00:57]} 5. d4 {[%emt 0:01:37]} h6 {[%emt 0:01:24]} 6. c4 {[%emt 0:03:12]} e6 {[%emt 0:00:10]} 7. Nc3 {[%emt 0:01:48]} Nbd7 {[%emt 0:01:43]} 8. Nd2 {[%emt 0:07:51]} Be7 {[%emt 0:01:16]} 9. e4 {[%emt 0:01:08]} dxe4 {[%emt 0:00:02]} 10. Ndxe4 {[%emt 0:00:11]} O-O {[%emt 0:00:11]} 11. Nxf6+ {[%emt 0:08:26]} Nxf6 {[%emt 0:00:15]} 12. d5 {[%emt 0:03:26]} Qc7 {[%emt 0:07:11]} 13. dxe6 {[%emt 0:02:12]} Bxe6 {[%emt 0:00:06]} 14. Qa4 {[%emt 0:09:26]} Nd7 {[%emt 0:00:52]} 15. Bf4 {[%emt 0:01:58]} Qb6 {[%emt 0:01:21]} 16. Ne4 {[%emt 0:07:00]} Nc5 {[%emt 0:12:53]} 17. Qa3 {[%emt 0:05:02]} Nxe4 {[%emt 0:03:28]} 18. Qxe7 {[%emt 0:00:15]} Rfe8 {[%emt 0:00:18]} 19. Qa3 {[%emt 0:02:35]} Bxc4 {[%emt 0:00:39]} 20. Bxe4 {[%emt 0:03:11]} Bxf1 {[%emt 0:01:41]} 21. Qf3 {[%emt 0:05:57]} Bc4 {[%emt 0:01:33]} 22. b3 {[%emt 0:05:48]} Qd4 {[%emt 0:01:01]} 23. Rb1 {[%emt 0:04:13]} Qxe4 {[%emt 0:00:29]} 24. Qxe4 {[%emt 0:00:05]} Rxe4 {[%emt 0:00:04]} 25. bxc4 {[%emt 0:00:10]} b6 {[%emt 0:02:40]} 26. Rc1 {[%emt 0:03:36]} c5 {[%emt 0:00:28]} 27. Kg2 {[%emt 0:00:14]} Rd8 {[%emt 0:00:23]} 28. Rc3 {[%emt 0:00:45]} Rdd4 {[%emt 0:00:29]} 29. Ra3 {[%emt 0:00:12]} Rxc4 {[%emt 0:00:08]} 30. Rxa7 {[%emt 0:00:11]} Ra4 {[%emt 0:00:10]} 31. Rb7 {[%emt 0:00:21]} Reb4 {[%emt 0:00:02]} 32. h4 {[%emt 0:02:53]} Rxa2 {[%emt 0:02:02]} 33. h5 {[%emt 0:00:27]} Ra8 {[%emt 0:00:02]} 34. Bc7 {[%emt 0:01:15]} c4 {[%emt 0:00:30]} 35. Be5 {[%emt 0:01:15]} Rc8 {[%emt 0:00:08]} 36. Bc3 {[%emt 0:02:25]} Rb3 {[%emt 0:00:03]} 37. Bd2 {[%emt 0:00:42]} c3 {[%emt 0:00:03]} 38. Bc1 {[%emt 0:00:21]} Rb1 {[%emt 0:00:23]} 39. Be3 {[%emt 0:00:55]} c2 {[%emt 0:00:04]} 40. g4 {[%emt 0:00:00]} c1=Q {[%emt 0:00:00]} 41. Bxc1 {[%emt 0:09:23]} Rcxc1 {[%emt 0:00:55]} 42. Rb8+ {[%emt 0:00:46]} Kh7 {[%emt 0:00:02]} 43. Rf8 {[%emt 0:00:39]} Rg1+ {[%emt 0:00:11]} 44. Kh3 {[%emt 0:01:32]} Rb3+ {[%emt 0:00:20]} 45. f3 {[%emt 0:00:52]} Rxf3+ {[%emt 1:34:16]} 46. Kh2 {[%emt 0:00:22]} Rxg4 {[%emt 0:00:00]} 47. Re8 {[%emt 0:00:24]} Rf5 {[%emt 0:00:00]} 48. Kh3 {[%emt 0:00:11]} Rfg5 {[%emt 0:00:00]} 49. Rd8 {[%emt 0:00:58]} f5 {[%emt 0:00:00]} 50. Rh8+ {[%emt 0:01:54]} Kxh8 {[%emt 0:00:00]} 51. Kh2 {[%emt 0:00:24]} Rxh5# {[%emt 0:00:00]} 0-1

[Event "BAN-chT Golden Jubilee 2021-22"]
[Site "Dhaka"]
[Date "2022.03.17"]
[Round "8.9"]
[White "Sadnan Hasan, Dihan"]
[Black "Chowdhury, Sohel"]
[Result "1-0"]
[WhiteElo "2152"]
[BlackElo "2046"]
[Annotator "ChessBase"]
[PlyCount "97"]
[EventDate "2022.03.10"]
[EventType "team-tourn"]
[EventCountry "BAN"]
[SourceTitle "playchess.com"]
[Source "ChessBase"]
[SourceQuality "1"]
[TimeControl "40/5400+30:1800+30"]

1. Nf3 {[%emt 0:00:08]} d5 {[%emt 0:01:14]} 2. b3 {[%emt 0:00:09]} Nf6 {[%emt 0:02:32]} 3. Bb2 {[%emt 0:00:02]} Bg4 {[%emt 0:01:15]} 4. h3 {[%emt 0:00:35]} Bf5 {[%emt 0:02:00]} 5. d3 {[%emt 0:00:14]} e6 {[%emt 0:00:31]} 6. Nh4 {[%emt 0:01:34]} Bg6 {[%emt 0:00:52]} 7. Nxg6 {[%emt 0:00:03]} hxg6 {[%emt 0:00:03]} 8. Nd2 {[%emt 0:01:33]} c6 {[%emt 0:04:13]} 9. e3 {[%emt 0:01:00]} Nbd7 {[%emt 0:00:38]} 10. Be2 {[%emt 0:00:44]} Qa5 {[%emt 0:02:13]} 11. a3 {[%emt 0:01:21]} Be7 {[%emt 0:11:41]} 12. O-O {[%emt 0:03:51]} Qb6 {[%emt 0:04:53]} 13. Re1 {[%emt 0:01:10]} a5 {[%emt 0:01:55]} 14. Rb1 {[%emt 0:02:32]} O-O {[%emt 0:03:40]} 15. c4 {[%emt 0:02:12]} Rfe8 {[%emt 0:02:05]} 16. Qc2 {[%emt 0:01:13]} Rac8 {[%emt 0:00:55]} 17. Bf1 {[%emt 0:03:24]} Bf8 {[%emt 0:01:38]} 18. Ra1 {[%emt 0:02:56]} Qc7 {[%emt 0:12:50]} 19. Rec1 {[%emt 0:01:25]} Ne5 {[%emt 0:03:53]} 20. Qc3 {[%emt 0:02:08]} Ned7 {[%emt 0:00:36]} 21. Qc2 {[%emt 0:01:16]} Ne5 {[%emt 0:01:15]} 22. c5 {[%emt 0:00:14]} Ned7 {[%emt 0:01:18]} 23. b4 {[%emt 0:00:44]} e5 {[%emt 0:02:15]} 24. d4 {[%emt 0:01:44]} axb4 {[%emt 0:06:51]} 25. axb4 {[%emt 0:00:01]} Ra8 {[%emt 0:00:18]} 26. b5 {[%emt 0:11:56]} e4 {[%emt 0:04:17]} 27. b6 {[%emt 0:00:52]} Qd8 {[%emt 0:02:57]} 28. Rxa8 {[%emt 0:00:13]} Qxa8 {[%emt 0:00:23]} 29. Ra1 {[%emt 0:00:03]} Qc8 {[%emt 0:05:13]} 30. Nb3 {[%emt 0:01:37]} Nh7 {[%emt 0:01:45]} 31. Ra7 {[%emt 0:00:56]} Ndf6 {[%emt 0:00:18]} 32. Na5 {[%emt 0:00:46]} Re7 {[%emt 0:04:53]} 33. Nxb7 {[%emt 0:00:38]} Rxb7 {[%emt 0:00:44]} 34. Ba6 {[%emt 0:00:05]} Ng5 {[%emt 0:00:16]} 35. Rxb7 {[%emt 0:00:22]} Nxh3+ {[%emt 0:04:22]} 36. gxh3 {[%emt 0:00:14]} Qxh3 {[%emt 0:00:01]} 37. Bf1 {[%emt 0:00:09]} Qg4+ {[%emt 0:05:31]} 38. Bg2 {[%emt 0:00:01]} Nh7 {[%emt 0:00:01]} 39. Rb8 {[%emt 0:00:23]} Ng5 {[%emt 0:00:47]} 40. Rxf8+ {[%emt 0:00:00]} Kxf8 {[%emt 0:00:00]} 41. b7 {[%emt 0:00:16]} Nf3+ {[%emt 0:02:47]} 42. Kf1 {[%emt 0:00:01]} Nh2+ {[%emt 0:01:55]} 43. Ke1 {[%emt 0:00:01]} Qxg2 {[%emt 0:07:40]} 44. b8=Q+ {[%emt 0:00:07]} Ke7 {[%emt 0:00:33]} 45. Qc7+ {[%emt 0:00:02]} Ke8 {[%emt 0:01:19]} 46. Qxc6+ {[%emt 0:00:03]} Kf8 {[%emt 0:00:09]} 47. Qc8+ {[%emt 0:00:07]} Ke7 {[%emt 0:00:39]} 48. Qc7+ {[%emt 0:00:19]} Ke6 {[%emt 0:00:48]} 49. Qd6+ {[%emt 0:00:03]} 1-0

[Event "BAN-chT Golden Jubilee 2021-22"]
[Site "Dhaka"]
[Date "2022.03.17"]
[Round "8.10"]
[White "Harsha Bharathakoti"]
[Black "Sankalp Gupta"]
[Result "1-0"]
[WhiteElo "2499"]
[BlackElo "2536"]
[Annotator "TA"]
[PlyCount "51"]
[EventDate "2022.03.10"]
[EventType "team-tourn"]
[EventCountry "BAN"]
[SourceTitle "playchess.com"]
[Source "ChessBase"]
[SourceQuality "1"]

{[%evp 16,51,0,-8,10,12,7,0,11,-2,7,0,0,0,47,0,0,0,49,41,42,14,8,-20,341,314,1189,1212,1210,1205,1159,1160,1256,1133,1109,645,711,724]} 1. d4 d5 2. c4 dxc4 3. e4 b5 4. a4 c6 5. Nc3 {[%cal Bb1c3,Bc3a2,Ba2c1,Bc1b3,Bb3c5][%mdl 32]} b4 6. Na2 Nf6 7. e5 Nd5 8. Bxc4 e6 9. Nf3 Be7 {Prevents Bg5. D10: Slav Defence: 3 cxd5 (without early Nf3) and 3 Nc3.} 10. Bd2 a5 11. Nc1 Nd7 {The position is equal.} 12. Nb3 Bb7 13. O-O O-O 14. Bd3 Qb6 {[#]} (14... c5 $11 {is superior.}) 15. Qc2 $146 (15. Bg5 $14) ({Predecessor:} 15. Bg5 h6 16. Bxe7 Nxe7 17. Rc1 Rfd8 18. Qe2 Ba6 19. Bxa6 Qxa6 20. Qxa6 Rxa6 21. Rc2 {½-½ (36) Flear,G (2455)-Pomes Marcet,J (2396) Ciudad Real 2004}) 15... h6 $11 16. Rac1 Rac8 (16... Ba6 $11) 17. Nc5 $1 $36 {[%mdl 2048] White is more active.} Rfd8 18. Rfe1 {[%cal Bf1e1,Be1e4,Be4g4][%mdl 32]} Qa7 19. Re4 {aiming for Rg4.} Rc7 $2 {[%mdl 8192] This costs Black the game.} (19... Nxc5 $11 {and Black has nothing to worry.} 20. dxc5 Ba6) 20. Rg4 $18 Kh8 $2 {[#]} (20... Nxc5 21. Bxh6 Nxd3 22. Rxg7+ Kf8 23. Qxd3 Ke8) 21. Bxh6 $1 {[%mdl 512] White is clearly winning.} gxh6 22. Qd2 {[%cal Rd2h6]} Bf8 23. Rh4 Bg7 24. Qg5 Nf8 25. Qxd8 {[#] Hoping for Qg5.} Kg8 26. Rg4 {Weighted Error Value: White=0.41/Black=0.54} 1-0

[Event "BAN-chT Golden Jubilee 2021-22"]
[Site "Dhaka"]
[Date "2022.03.17"]
[Round "8.11"]
[White "Narayanan, Srinath"]
[Black "Mendonca, Leon Luke"]
[Result "1/2-1/2"]
[WhiteElo "2553"]
[BlackElo "2536"]
[Annotator "TA"]
[PlyCount "59"]
[EventDate "2022.03.10"]
[EventType "team-tourn"]
[EventCountry "BAN"]
[SourceTitle "playchess.com"]
[Source "ChessBase"]
[SourceQuality "1"]

{[%evp 36,59,0,0,0,0,0,0,0,0,0,0,0,0,0,0,0,0,0,0,0,0,0,0,0,0]} 1. e4 c5 2. Nf3 d6 3. d4 cxd4 4. Nxd4 Nf6 5. Nc3 a6 6. Bg5 e6 7. f4 Qb6 8. Qd2 Qxb2 9. Rb1 Qa3 10. f5 Nc6 11. fxe6 fxe6 12. Nxc6 bxc6 13. e5 dxe5 14. Bxf6 gxf6 15. Ne4 Qxa2 16. Rd1 Be7 17. Be2 O-O 18. O-O {[%cal Bh1f1,Bf1f3,Bf3h3,Bh3d3,Bd3d8][%mdl 32]} f5 19. Qh6 {[%cal Od1d3] [#] aiming for Rd3! The position is equal.} Qxc2 {B97: Sicilian Najdorf: Poisoned Pawn.} (19... fxe4 $2 20. Rxf8+ Bxf8 21. Qg5+ Kh8 22. Qf6+ Kg8 23. Qg5+ Kh8 24. Qf6+ Kg8 25. Bh5 $18) 20. Rf3 f4 {Inhibits Rg3+.} ({Resist} 20... Qxe2 21. Rg3+ Qg4 22. Rxg4+ fxg4 23. Qh5 $16) 21. Rh3 $1 {[%csl Gh3][%cal Rh6h7] The board is on fire.} Rf7 22. Rhd3 $1 {[%cal Od3d8] Intending Rd8+! and mate.} Qxe2 23. Rd8+ $1 Rf8 24. Nf6+ Kf7 {[#]} 25. Qxh7+ $5 $146 {[%mdl 8] An interesting novelty.} ({Predecessor:} 25. Nh5 Bxd8 26. Qxh7+ Ke8 27. Qg6+ Ke7 28. Qg5+ Kf7 29. Qg7+ Ke8 30. Qg6+ {½-½ (30) Watson,W (2470)-King,D (2515) London 1990}) 25... Kxf6 26. Qh6+ Kf7 27. Qh7+ Kf6 28. Qh6+ Kf7 29. Qh7+ Kf6 30. Qh6+ {An even fight not without its subleties.  Weighted Error Value: White=0.00 (flawless) /Black=0.00 (flawless)} 1/2-1/2

[Event "BAN-chT Golden Jubilee 2021-22"]
[Site "Dhaka"]
[Date "2022.03.17"]
[Round "8.12"]
[White "Masum, Hossain"]
[Black "Anata, Choudhury"]
[Result "0-1"]
[WhiteElo "2003"]
[BlackElo "2170"]
[Annotator "ChessBase"]
[PlyCount "59"]
[EventDate "2022.03.10"]
[EventType "team-tourn"]
[EventCountry "BAN"]
[SourceTitle "playchess.com"]
[Source "ChessBase"]
[SourceQuality "1"]
[TimeControl "40/5400+30:1800+30"]

1. d4 {[%emt 0:06:36]} Nf6 {[%emt 0:00:18]} 2. c4 {[%emt 0:00:05]} e6 {[%emt 0:00:11]} 3. Nf3 {[%emt 0:00:01]} d5 {[%emt 0:00:14]} 4. Nc3 {[%emt 0:00:03]} Bb4 {[%emt 0:00:11]} 5. cxd5 {[%emt 0:00:11]} exd5 {[%emt 0:00:11]} 6. Bg5 {[%emt 0:00:06]} h6 {[%emt 0:00:30]} 7. Bh4 {[%emt 0:00:48]} g5 {[%emt 0:00:14]} 8. Bg3 {[%emt 0:00:30]} Ne4 {[%emt 0:00:16]} 9. Qb3 {[%emt 0:00:16]} c5 {[%emt 0:15:09]} 10. dxc5 {[%emt 0:00:51]} Nc6 {[%emt 0:00:15]} 11. e3 {[%emt 0:01:21]} Qf6 {[%emt 0:11:37]} 12. Bb5 {[%emt 0:03:29]} Nxc5 {[%emt 0:00:53]} 13. Qxd5 {[%emt 1:17:00]} Bxc3+ {[%emt 0:13:39]} 14. bxc3 {[%emt 0:01:01]} Qxc3+ {[%emt 0:00:44]} 15. Nd2 {[%emt 0:00:15]} O-O {[%emt 0:15:32]} 16. O-O {[%emt 0:04:10]} Be6 {[%emt 0:01:13]} 17. Qf3 {[%emt 0:00:29]} Qxd2 {[%emt 0:01:18]} 18. Bxc6 {[%emt 0:00:15]} bxc6 {[%emt 0:00:28]} 19. Qf6 {[%emt 0:00:14]} Kh7 {[%emt 0:10:44]} 20. Be5 {[%emt 0:01:18]} Rg8 {[%emt 0:00:09]} 21. Rad1 {[%emt 0:01:11]} Qe2 {[%emt 0:00:51]} 22. Rfe1 {[%emt 0:00:13]} Qh5 {[%emt 0:00:24]} 23. Qe7 {[%emt 0:00:11]} Ne4 {[%emt 0:01:51]} 24. f3 {[%emt 0:00:18]} g4 {[%emt 0:00:13]} 25. f4 {[%emt 0:00:23]} g3 {[%emt 0:03:25]} 26. h3 {[%emt 0:01:17]} Qf5 {[%emt 0:00:33]} 27. Rd4 {[%emt 0:00:39]} Bd5 {[%emt 0:00:28]} 28. Rc1 {[%emt 0:00:43]} Nf2 {[%emt 0:01:01]} 29. e4 {[%emt 0:00:35]} Nxe4 {[%emt 0:00:41]} 30. Kh1 {[%emt 0:01:01]} 0-1